000 00585nam a2200205Ia 4500
003 OSt
005 20250620151724.0
008 210210b1983 xxu||||| |||| 00| 0 eng d
040 _cAL
041 _aKannada
082 _aK894.109 VARP
100 _aVARADARAJA RAV (G)
_dವರದರಾಜ ರಾವ್ (ಜಿ)
_9215703
245 _aPurandaradasaru
_bಪುರಂದರದಾಸರು
260 _aHosa Dehali
_bSahitya Akademi
_c1983
300 _a60
650 _aPurandaradasaru.
_9215704
690 _aKannada Poetry Criticism
_9215705
906 _a041947
942 _2ddc
_cBK
999 _c91881
_d91881